header

HIV/AIDS in Latin America (Record no. 74431)

MARC details
000 -LEADER
fixed length control field 01383nam a2200337Ia 4500
082 04 - DEWEY DECIMAL CLASSIFICATION NUMBER
Classification number 362.1/969792/0098
245 00 - TITLE STATEMENT
Title HIV/AIDS in Latin America
260 ## - PUBLICATION, DISTRIBUTION, ETC. (IMPRINT)
Place of publication Washington, DC :
Name of publisher World Bank,
Year of publication 2003.
300 ## - PHYSICAL DESCRIPTION
Number of Pages xxvi, 331 p.
490 1# - SERIES STATEMENT
Series statement Health, nutrition, and population series
650 #0 - SUBJECT ADDED ENTRY--TOPICAL TERM
Topical Term AIDS (Disease)
Topical Term Communicable diseases
700 1# - ADDED ENTRY--PERSONAL NAME
Personal name Garcia-Abreu, Anabela,
Personal name Noguer, Isabel,
Personal name Cowgill, Karen,
856 40 - ELECTRONIC LOCATION AND ACCESS
Uniform Resource Identifier http://site.ebrary.com/lib/rucke/Doc?id=10046598

No items available.

© 2026 Rongo University
Contact us: librarian | system librarian | Rongo university